| 000 | 00935nam a2200217Ia 4500 | ||
|---|---|---|---|
| 003 | Ost | ||
| 005 | 20260507075653.0 | ||
| 008 | 260507s9999||||xx |||||||||||||| ||und|| | ||
| 020 | _a1505327977 | ||
| 040 | _cfsecg | ||
| 041 | _aara | ||
| 082 | _a658.8 | ||
| 100 |
_aحجازي، محمد حافظ _eمؤلف |
||
| 245 | 0 |
_aمقدمة في التسويق / _c محمد حافظ حجازي |
|
| 260 |
_aالإسكندرية: _bدار الوفاء لدينا للطباعة والنشر, _c2005 |
||
| 300 |
_a383 صفحة؛ _bإيضاحات ؛ _c25 سم |
||
| 520 | _aالمدخل- الملتقى والسوق-إدارة المنتجات- التسعير- التوزيع- البيع الشخصي- الإعلان- الرسالة الإعلانية- تنشيط المبيعات- الفرد التسويقي- البيئة التسويقية. | ||
| 653 | _aأدارة المبيعات | ||
| 653 | _aالتسويق | ||
| 942 | _cكتاب | ||
| 999 |
_c45651 _d45651 |
||